000 01404nam a22004217a 4500
001 0000927
003 KOHA_MİRAKIL
005 20260207001224.0
007 ta
008 081212b2004 tu |||gr||||#||||0|tur |
020 _a9752954057
_cYTL33,69
040 _aTR-BiSEU
_btur
_cTR-BiSEU
_erda
041 0 _atur
044 _ctu
050 _aQA76
_b.A34 2004
100 1 _aAkgöbek, Ömer.
245 1 _aTemel bilgi teknolojileri/
_cÖmer Akgöbek ; Ömer Akgöbek.
264 1 _aİstanbul :
_bBeta Yayın
_c2004
300 _a[4], XVII, 611 sayfa: resimli
336 _ametin
_btxt
_2rdacontent
337 _aaracısız
_bn
_2rdamedia
338 _acilt
_bnc
_2rdacarrier
490 1 _aBeta Yayın No ;
_v1522.
490 1 _aBilgisayar Dizisi ;
_v246
650 0 _aMs-dos (Bilgisayar dosyasi).
_93545
650 0 _aMicrosoft Excel (Bilgisayar dosyasi).
_93546
650 0 _aIşletim sistemleri (Bilgisayarlar).
_93547
650 0 _aBilgisayar.
_92803
650 0 _aMicrosoft Windows (Bilgisayar dosyasi).
_93548
650 0 _aOperating systems (Computers).
_91611
650 0 _aMicrosoft powerpoint (Bilgisayar dosyasi).
_93549
650 0 _aInternet (Bilgisayar aği).
_93550
650 0 _aMicrosoft Word (bilgisayar dosyasi).
_93551
650 0 _aMicrosoft Access.
_92773
830 1 _aBeta Yayın No ;
_v1522.
_91882
830 1 _aBilgisayar Dizisi ;
_v246
_92740
942 _2lcc
_cBK
999 _c922
_d922